000 00554njm a2200181 i 4500
001 C2-0217986
003 PPAK
005 20180729152059.0
008 990718s1989 my |||| ||||| | may d
040 _aPPAK
_beng
_cPPAK
_erda
245 0 0 _aPerkembangan bola sepak di negeri Kedah sebelum merdeka
264 1 _aAlor Setar, Kedah :
_bPerbadanan Perpustakaan Awam Kedah ,
_c1989
336 _2rdacontent
_atext
337 _2rdamedia
_aunmediated
338 _2rdacarrier
_avolume
500 _aDirakam pada 11/6/89 ; Tiada transkripsi
942 _ddc
_cB
999 _c163112
_d163112